Dr. S. R. Lasker Library Online Catalogue

Home      Library Home      Institutional Repository      E-Resources      MyAthens      EWU Home

Report of the urban poverty monitoring survey April 1998 (Record no. 5126)

MARC details
000 -LEADER
fixed length control field 00896nam a2200289Ia 4500
001 - CONTROL NUMBER
control field 5126
003 - CONTROL NUMBER IDENTIFIER
control field BD-DhEWU
005 - DATE AND TIME OF LATEST TRANSACTION
control field 20190227191621.0
008 - FIXED-LENGTH DATA ELEMENTS--GENERAL INFORMATION
fixed length control field 110604s2000 bg g 000 0 eng d
020 ## - INTERNATIONAL STANDARD BOOK NUMBER
International Standard Book Number 9845083676 Paper back
035 ## - SYSTEM CONTROL NUMBER
System control number (OCoLC)
040 ## - CATALOGING SOURCE
Original cataloging agency BD-DhEWU
Modifying agency BD-DhEWU
Language of cataloging eng
Transcribing agency BD-DhEWU
041 ## - LANGUAGE CODE
Language code of text/sound track or separate title ENG
082 04 - DEWEY DECIMAL CLASSIFICATION NUMBER
Classification number 339.460723
Item number REP 2000
110 ## - MAIN ENTRY--CORPORATE NAME
Corporate name or jurisdiction name as entry element Ministry of Planning, Statistics Division, GoB,Bangladesh Bureau of Statistics,
9 (RLIN) 17406
245 10 - TITLE STATEMENT
Title Report of the urban poverty monitoring survey April 1998
260 ## - PUBLICATION, DISTRIBUTION, ETC. (IMPRINT)
Place of publication, distribution, etc Dhaka :
Name of publisher, distributor, etc Bangladesh Bureau of Statistics,
Date of publication, distribution, etc 2000.
300 ## - PHYSICAL DESCRIPTION
Extent xiv, 197 p. :
Other physical details ill.: figures, tables ;
Dimensions 28 cm.
526 ## - STUDY PROGRAM INFORMATION NOTE
Program name Economics
590 ## - LOCAL NOTE (RLIN)
Local note Tahur Ahmed
653 #1 - INDEX TERM--UNCONTROLLED
Uncontrolled term Economics
Uncontrolled term Economics Poverty Income Wealth Nutrition Education
655 ## - INDEX TERM--GENRE/FORM
Genre/form data or focus term Survey
9 (RLIN) 24166
942 ## - ADDED ENTRY ELEMENTS (KOHA)
Koha item type Ref.
Source of classification or shelving scheme Dewey Decimal Classification
953 ## - Fulltext in GSDL
Is Fulltext Available in GSDL? Not Avaialable
Holdings
Withdrawn status Lost status Source of classification or shelving scheme Damaged status Not for loan Collection code Home library Current library Shelving location Date acquired Source of acquisition Cost, normal purchase price Total Checkouts Full call number Barcode Copy number Koha item type
    Dewey Decimal Classification   Not For Loan Non-fiction Dr. S. R. Lasker Library, EWU Dr. S. R. Lasker Library, EWU Reference Section 12/09/2006 Solver Books 238.00   339.460723 REP 2000 18704 C-1 Ref.
    Dewey Decimal Classification   Not For Loan Reference Dr. S. R. Lasker Library, EWU Dr. S. R. Lasker Library, EWU Reference Section 04/04/2007 Karim International 250.00   339.460723 REP 2000 20080 C-2 Ref.